000 00296nam a22001337a 4500
008 170503b xxu||||| |||| 00| 0 eng d
020 _a9780131850491
041 _aeng
080 _27TH
_a343.9
100 _a14
101 _aSHJ
245 _aCRIMINAL BEHAVIOUR
_cBARTOL, C.A
942 _2udc
_cBK
999 _c12584
_d12584